|
|
|
|
| LEADER |
00000cam a22000004a 4500 |
| 001 |
musev2_98151 |
| 003 |
MdBmJHUP |
| 005 |
20230905053312.0 |
| 006 |
m o d |
| 007 |
cr||||||||nn|n |
| 008 |
110105s2007 vtu o 00 0 eng d |
| 020 |
|
|
|a 9781684581153
|
| 020 |
|
|
|z 9781584656340
|
| 035 |
|
|
|a (OCoLC)1290478808
|
| 040 |
|
|
|a MdBmJHUP
|c MdBmJHUP
|
| 245 |
0 |
0 |
|a Black Women's Intellectual Traditions :
|b Speaking Their Minds /
|c ed. by Kristin Waters and Carol B. Conaway.
|
| 264 |
|
1 |
|a London :
|b University Press of New England,
|c op. 2007.
|
| 264 |
|
3 |
|a Baltimore, Md. :
|b Project MUSE,
|c 2022
|
| 264 |
|
4 |
|c ©op. 2007.
|
| 300 |
|
|
|a 1 online resource:
|b il. ;
|
| 336 |
|
|
|a text
|b txt
|2 rdacontent
|
| 337 |
|
|
|a computer
|b c
|2 rdamedia
|
| 338 |
|
|
|a online resource
|b cr
|2 rdacarrier
|
| 588 |
|
|
|a Description based on print version record.
|
| 650 |
|
7 |
|a Feminizm
|z Stany Zjednoczone
|y 19 w.
|2 jhpk
|
| 650 |
|
7 |
|a Czarni Amerykanie
|x polityka i rządy
|y 19 w.
|2 jhpk
|
| 650 |
|
7 |
|a Czarne Amerykanki
|v biografie.
|2 jhpk
|
| 650 |
|
7 |
|a Czarne Amerykanki
|x życie intelektualne
|y 19 w.
|2 jhpk
|
| 655 |
|
7 |
|a Electronic books.
|2 local
|
| 700 |
1 |
|
|a Conaway, Carol B.,
|e Red.
|
| 700 |
1 |
|
|a Waters, Kristin,
|e Red.
|
| 710 |
2 |
|
|a Project Muse.
|e distributor
|
| 830 |
|
0 |
|a Book collections on Project MUSE.
|
| 856 |
4 |
0 |
|z Texto completo
|u https://projectmuse.uam.elogim.com/book/98151/
|
| 945 |
|
|
|a Project MUSE - Custom Collection
|